Učitavanje...

Chemical formulary V.10: a collection of valuable, timely,practical commercial formulae and recipes for making thousands of products in many fields of industry

Bibliografski detalji
Daljnji autori: Bennett, H
Format: Printed Book
Izdano: New York Chemical Publishing Co., Inc. 1957
Teme:
LEADER 00784nam a22001937a 4500
003 OSt
082 |a 660.83  |b BEN/CH 
245 |a Chemical formulary V.10:  |b a collection of valuable, timely,practical commercial formulae and recipes for making thousands of products in many fields of industry 
260 |a New York  |b Chemical Publishing Co., Inc.  |c 1957 
300 |a 392p. 
546 |a English 
650 |a Adhesives 
650 |a Cosmetics and Drugs 
650 |a Emulsions and other Colloids 
650 |a Food Products 
700 |a Bennett, H 
942 |2 ddc  |c REF 
999 |c 163170  |d 163170 
952 |0 0  |1 0  |2 ddc  |4 0  |6 660_830000000000000_BENCH  |7 1  |8 REF  |9 162335  |a KAUCLV  |b KAUCLV  |c REF  |d 2019-01-03  |o 660.83 BEN/CH  |p 906697  |r 2019-01-03  |w 2019-01-03  |y REF  |z Book transferred from CoH Library, Acc.No: 6392